| 000 | 00588nam a2200169Ia 4500 | ||
|---|---|---|---|
| 008 | 230917s9999||||xx |||||||||||||| ||und|| | ||
| 020 | _cRS350 | ||
| 040 |
_e227549 _aMAIN |
||
| 041 | _aEnglish | ||
| 082 | _a891.4317109 MB896:DS | ||
| 100 | _aदूधनाथ सिंह | ||
| 245 | 0 | _aमुक्तिबोध साहित्य में नई प्रवृतियाॅ | |
| 260 |
_aनई दिल्ली _bराजकमल प्रकाशन _c2013 |
||
| 300 | _a143 पृ. p. | ||
| 500 | _a2080 13/08/2015 RKP15/3933 22/08/2015 Main Budget | ||
| 942 | _cBK | ||
| 999 |
_c15583 _d15583 |
||